Titanic di hujung jari

Bibliographic Details
Main Author: Aiman Hakim
Other Authors: Moustapha Abbas
Format: Book
Published: Kuala Lumpur : Patriots Publication , 2020
Subjects:

MARC

LEADER 00000cam a2200000 7i4500
001 0000278241
005 20200915103031.0
020 |a 9789671734469 
090 0 0 |a 910.452   |b AIM 
100 0 |a Aiman Hakim 
245 0 0 |a Titanic di hujung jari   |c Aiman Hakim & Moustapha Abbas 
260 |a Kuala Lumpur :   |b Patriots Publication ,   |c 2020 
300 |a 239p. ;   |c 19cm. 
650 0 |a Marine accidents 
650 0 |a Shipwreck victims   |z North Atlantic Ocean 
650 0 |a Titanic (Steamship) 
700 0 |a Moustapha Abbas 
999 |a 00377293   |b BUKU   |c PINJAMAN   |e PERPUSTAKAAN KOMUNITI PETALING JAYA 
999 |a 00404650   |b BUKU   |c PINJAMAN   |e PERPUSTAKAAN KOMUNITI CAW TAMAN MEDAN 
999 |a 00404651   |b BUKU   |c PINJAMAN   |e PERPUSTAKAAN KOMUNITI CAW KOTA DAMANSARA